| 000 | 00929nam a2200217 i 4500 | ||
|---|---|---|---|
| 003 | IT-RoINE | ||
| 005 | 20181025065306.0 | ||
| 008 | 910730s1852 sp af r 0 |cspa d | ||
| 040 |
_aSpMaBN _bspa _cPAB IT-RoINE _dIT-RoINE |
||
| 100 | 1 |
_aBrusola, Vicente María _953748 |
|
| 245 | 1 | 0 |
_aBiografías de los obispos contemporáneos, prelados y demas dignidades ilustres de la Iglesia española / _credactados á vista de notas, apuntes y documentos auténticos [por Vicente María Brusola] |
| 260 |
_aMadrid : _b[Niceto Hernández de Fuentes], _c1852 _f(Establecimiento tipográfico militar de los Sres. Mateo y Torrubia) |
||
| 300 |
_a141 p., [14] h. de lám. ; _c31 cm. |
||
| 336 |
_2rdacontent _atext |
||
| 337 |
_2rdamedia _aunmediated |
||
| 338 |
_2rdacarrier _avolume |
||
| 500 | _aAutor y editor tomados de los preliminares. | ||
| 500 | _aTexto enmarcado. | ||
| 650 | 4 |
_aObispos _zEspaña _xBiografías _915276 |
|
| 942 | _cMTS | ||
| 999 |
_c27234 _d27234 |
||